Statistiche per Top 15 dei paesi con decessi Covid-19 - 8 maggio

Clicka qui per fare il quiz!

Statistiche generali

  • Questo quiz è stato fatto 4 volte
  • Il punteggio medio è 13 su 21

Statistiche sulle risposte

nazione% Corretto
Belgio
100%
Francia
100%
Italia
100%
Stati Uniti
100%
Brasile
75%
Canada
75%
Cina
75%
Germania
75%
Portogallo
75%
Spagna
75%
Iran
50%
Messico
50%
Paesi Bassi
50%
Regno Unito
50%
Svezia
50%
Svezia
50%
Turchia
50%
Irlanda
25%
Svizzera
25%
Danimarca
0%
Ecuador
0%

Distribuzione punteggi

Percentile per numero di risposta

Percentuale di utenti per punteggio

I tuoi punteggi nel tempo

Non hai fatto questo quiz